Emociones y lenguaje en educación y política

Gespeichert in:
Bibliographische Detailangaben
1. Verfasser: Maturana Romesín, Humberto (autor)
Format: Buch
Sprache:Spanisch
Veröffentlicht: Santiago Hachette 1990
Schriftenreihe:Colección Hachette. Comunicación
Schlagworte:
Tags: Tag hinzufügen
Keine Tags, Fügen Sie den ersten Tag hinzu!

MARC

LEADER 00000nam a2200000 a 4500
001 UCV6776
003 CL-VaPUC
008 900802e19900000CL |||||||||||||||||spa|d
082 0 4 |a 370.1  |b MAT  |2 21 
100 |a Maturana Romesín, Humberto  |e autor  |9 448877 
245 1 0 |a Emociones y lenguaje en educación y política 
300 |a 98 p 
942 |c BK 
945 |d 19900802 00:00:00  |a rbrito 
260 |a Santiago  |b Hachette  |c 1990 
650 0 |a Filosofía de la educación   |9 258384 
650 0 |a Sociolingüística  |9 263716 
650 7 |a LENGUAJE Y EDUCACION  |2 CL-VaPUC  |9 263717 
583 |a last modification  |c 19900802 00:00:00  |k Rodrigo Vera 
490 0 |a Colección Hachette. Comunicación 
999 |c 212648  |d 212646 
952 |0 0  |1 0  |4 0  |6 370_100000000000000_MAT_1990  |7 0  |8 A  |9 193893  |a BIBEDU  |b BIBEDU  |d 2019-11-14  |i 2620758  |o 370.1 MAT 1990  |p 2620758  |r 2019-11-14  |w 2019-11-14  |y BK  |k EDU 
952 |0 0  |1 0  |4 0  |6 370_100000000000000_MAT_1990  |7 0  |8 A  |9 193894  |a BIBMAT  |b BIBMAT  |c E_DIDACT  |d 2019-11-14  |i 2620782  |o 370.1 MAT 1990  |p 2620782  |r 2025-01-07  |w 2019-11-14  |y BK  |k MAT 
952 |0 0  |1 0  |2 ddc  |4 0  |6 370_100000000000000_MAT_1990  |7 0  |8 A  |9 193895  |a BIBING  |b BIBING  |c GEN  |d 2019-11-14  |i 2620790  |o 370.1 MAT 1990  |p 2620790  |r 2025-01-20  |w 2019-11-14  |y BK  |k EII 
952 |0 0  |1 0  |4 0  |6 370_100000000000000_MAT_1990  |7 0  |8 A  |9 193896  |a BIBTEO  |b BIBTEO  |d 2019-11-14  |i 2620812  |o 370.1 MAT 1990  |p 2620812  |r 2025-01-17  |w 2019-11-14  |y BK  |k ICR 
952 |0 0  |1 0  |4 0  |6 370_100000000000000_MAT_1990  |7 0  |8 A  |9 193897  |a BIBEDU  |b BIBEDU  |d 2019-11-14  |i 3020703  |l 2  |o 370.1 MAT 1990  |p 3020703  |q 2025-04-21  |r 2025-03-19  |s 2025-03-19  |w 2019-11-14  |y BK  |k FIL 
952 |0 0  |1 0  |2 ddc  |4 0  |5 2  |6 370_100000000000000_MAT_1990  |7 0  |8 A  |9 193898  |a FDOPOS  |b FDOPOS  |d 2019-11-14  |i 4269969  |o 370.1 MAT 1990  |p 4269969  |r 2025-01-22  |w 2019-11-14  |y BK  |k MLA